[Event "Bad Woerishofen op"]
[Site "?"]
[Date "2003.??.??"]
[Round "8"]
[White "Ragsch, Klaus"]
[Black "Steinhardt, Stefan"]
[Result "1/2-1/2"]
[WhiteElo "1890"]
[BlackElo "2230"]
[Annotator "ChessOrg"]
[PlyCount "77"]

1. e4 Nf6 2. e5 Nd5 3. d4 d6 4. Nf3 Bg4 5. Be2 Nc6 6. exd6 cxd6 7. O-O g6 8. h3
Bxf3 9. Bxf3 Nb6 10. Re1 Bg7 11. c3 O-O 12. Bg5 f6 13. Bc1 Qc7 14. Qb3+ Kh8 15.
Qe6 d5 16. Nd2 Rae8 17. Nb3 Nd8 18. Qe2 e5 19. Qb5 a6 20. Qf1 e4 21. Bd1 Ne6
22. Nc5 Nxc5 23. dxc5 Qxc5 24. Be3 Qc6 25. Bxb6 Qxb6 26. Bb3 d4 27. cxd4 f5 28.
d5 Bd4 29. Red1 f4 30. Rxd4 Qxd4 31. Rd1 Qxb2 32. d6 e3 33. fxe3 fxe3 34. Qd3
e2 35. Re1 Qf6 36. d7 Qf2+ 37. Kh2 Qf4+ 38. Kg1 Qf2+ 39. Kh2 1/2-1/2

[Event "Bad Woerishofen op"]
[Site "?"]
[Date "2003.??.??"]
[Round "8"]
[White "von Saldern, Ruediger"]
[Black "Santner, Thomas"]
[Result "1-0"]
[WhiteElo "2143"]
[BlackElo "1969"]
[Annotator "ChessOrg"]
[PlyCount "50"]

1. d4 Nf6 2. Nf3 g6 3. Bg5 Bg7 4. c3 O-O 5. Nbd2 d5 6. e3 Nbd7 7. Be2 c5 8. O-O
b6 9. Re1 Bb7 10. Qc2 Ne4 11. Nxe4 dxe4 12. Nd2 f6 13. Bh4 g5 14. Bg3 f5 15.
Rad1 cxd4 16. cxd4 f4 17. exf4 gxf4 18. Bh4 Bf6 19. Bxf6 Nxf6 20. Nc4 f3 21.
gxf3 exf3 22. Bf1 Qc8 23. Ne3 Qe8 24. d5 Qh5 25. Qf5 Qe8 1-0

[Event "Bad Woerishofen op"]
[Site "?"]
[Date "2003.??.??"]
[Round "8"]
[White "Schuster, Gerhard"]
[Black "Emami, Madjid"]
[Result "0-1"]
[WhiteElo "2151"]
[BlackElo "2018"]
[Annotator "ChessOrg"]
[PlyCount "77"]

1. e4 g6 2. d4 c6 3. Nf3 Bg7 4. Nbd2 d6 5. Bc4 b5 6. Bb3 Nh6 7. a4 b4 8. O-O
O-O 9. h3 Na6 10. Nc4 c5 11. d5 Kh8 12. Bf4 f6 13. Qd2 Nf7 14. Rad1 Nb8 15. Ne1
Nd7 16. Nd3 Nde5 17. Ndxe5 fxe5 18. Be3 Bd7 19. Ra1 Rb8 20. f4 exf4 21. Bxf4
Qc7 22. Rae1 Ne5 23. Bh6 Nxc4 24. Bxc4 Bxa4 25. Bxg7+ Kxg7 26. b3 Bd7 27. Qg5
Rf6 28. e5 dxe5 29. Qxe5 Qxe5 30. Rxe5 Rxf1+ 31. Bxf1 Kf6 32. Re3 Bf5 33. Bd3
Bxd3 34. cxd3 Rd8 35. Re6+ Kf7 36. Re5 Rd6 37. Kf2 Kf6 38. Re3 Rxd5 39. g4 0-1

[Event "Bad Woerishofen op"]
[Site "?"]
[Date "2003.??.??"]
[Round "8"]
[White "Vonach, Bernhard"]
[Black "Galje, Hans"]
[Result "0-1"]
[WhiteElo "2050"]
[BlackElo "2148"]
[Annotator "ChessOrg"]
[PlyCount "112"]

1. e4 d5 2. exd5 Qxd5 3. Nc3 Qa5 4. d4 c6 5. Bd2 Bf5 6. Nf3 Nf6 7. Ne4 Qc7 8.
Nxf6+ gxf6 9. g3 e6 10. h4 Bd6 11. Be3 Nd7 12. Qd2 Be4 13. Qe2 Bxg3 14. Rg1 Bd6
15. Bh6 Bf5 16. h5 O-O-O 17. Nh4 Rhg8 18. Rxg8 Rxg8 19. Nxf5 Qa5+ 20. Bd2 Qxf5
21. O-O-O Nb6 22. c4 Bf4 23. Bxf4 Qxf4+ 24. Qe3 Qxe3+ 25. fxe3 Rg3 26. Kd2 f5
27. Be2 Nd7 28. Rf1 Nf6 29. Rf3 Nxh5 30. Rf2 Nf6 31. Rh2 Kd7 32. b4 Ke7 33. a4
Kf8 34. b5 Kg7 35. Bf1 Kg6 36. c5 Nd5 37. a5 cxb5 38. Bxb5 Rxe3 39. c6 bxc6 40.
Bxc6 Ra3 41. Rg2+ Kf6 42. Bxd5 exd5 43. Rg8 Rxa5 44. Rh8 Kg7 45. Rd8 h5 46. Kc3
Rb5 47. Rc8 h4 48. Kc2 Kg6 49. Rc6+ Kg5 50. Ra6 h3 51. Rxa7 h2 52. Ra1 Kg4 53.
Rd1 f4 54. Rh1 Kg3 55. Rd1 f3 56. Kd2 Kg2 0-1

[Event "Bad Woerishofen op"]
[Site "?"]
[Date "2003.??.??"]
[Round "8"]
[White "Dintheer, Willi"]
[Black "Hipp, Hermann"]
[Result "1/2-1/2"]
[WhiteElo "2098"]
[BlackElo "1864"]
[Annotator "ChessOrg"]
[PlyCount "40"]

1. d4 d5 2. Nf3 Nf6 3. c4 c6 4. Nc3 e6 5. g3 Bd6 6. Bg2 O-O 7. O-O Nbd7 8. Re1
b6 9. cxd5 cxd5 10. e4 Nxe4 11. Nxe4 dxe4 12. Ng5 Nf6 13. Nxe4 Nxe4 14. Bxe4
Rb8 15. Qd3 h6 16. Bd2 Bb7 17. Bc3 Be7 18. Rad1 Bf6 19. d5 exd5 20. Bxd5 Bxd5
1/2-1/2

[Event "Bad Woerishofen op"]
[Site "?"]
[Date "2003.??.??"]
[Round "8"]
[White "Harting, Andreas"]
[Black "Behl, Torsten"]
[Result "1/2-1/2"]
[WhiteElo "1841"]
[BlackElo "2094"]
[Annotator "ChessOrg"]
[PlyCount "90"]

1. d4 Nf6 2. e3 g6 3. Bd3 Bg7 4. f4 O-O 5. Nf3 d6 6. O-O Re8 7. b3 Nbd7 8. Bb2
e5 9. fxe5 dxe5 10. Nxe5 Nxe5 11. dxe5 Ng4 12. Qf3 Qe7 13. Bc4 Be6 14. Bxe6
Qxe6 15. Nd2 Nxe5 16. Bxe5 Bxe5 17. Rad1 Bc3 18. Kh1 Rad8 19. Nb1 Rxd1 20. Qxd1
Qxe3 21. Nxc3 Qxc3 22. Qd5 Qf6 23. Kg1 Qb6+ 24. Kh1 Qf2 25. Qd1 Qe2 26. Qc1 Re5
27. Rd1 c6 28. h3 Rd5 29. Rxd5 cxd5 30. Qg5 Qe6 31. Qd8+ Kg7 32. Qc7 Qc6 33.
Qe5+ f6 34. Qe7+ Kh6 35. Qe3+ g5 36. Qxa7 Qxc2 37. Qxb7 Qc1+ 38. Kh2 Qf4+ 39.
Kg1 Qd4+ 40. Kh1 Qe5 41. Qf7 Qd6 42. Qe8 d4 43. Qe1 d3 44. Qd2 Qd4 45. g3 Qd5+
1/2-1/2

[Event "Bad Woerishofen op"]
[Site "?"]
[Date "2003.??.??"]
[Round "8"]
[White "Wachweger, Albrecht"]
[Black "Stierle, Martin"]
[Result "1/2-1/2"]
[WhiteElo "1850"]
[BlackElo "2088"]
[Annotator "ChessOrg"]
[PlyCount "109"]

1. e4 d6 2. d4 g6 3. Bc4 Bg7 4. Be3 Nf6 5. Nd2 O-O 6. f3 Nc6 7. Ne2 e5 8. d5
Ne7 9. g4 c6 10. dxc6 bxc6 11. h4 d5 12. Bd3 Be6 13. Ng3 Qc7 14. h5 dxe4 15.
Ndxe4 Nxe4 16. Nxe4 Nd5 17. Qd2 Nxe3 18. Qxe3 Qb6 19. Qxb6 axb6 20. a3 b5 21.
Ke2 Bd5 22. Raf1 f5 23. Ng3 fxg4 24. Ne4 gxf3+ 25. Rxf3 Rxf3 26. Kxf3 Rf8+ 27.
Kg3 Rf4 28. Re1 gxh5 29. b3 h4+ 30. Kh2 h6 31. a4 bxa4 32. bxa4 Bf8 33. c4 Be6
34. a5 Bb4 35. Ra1 Rf7 36. a6 Ra7 37. c5 Kf8 38. Rb1 Ba5 39. Nd6 Bc7 40. Rb6 e4
41. Be2 Bd7 42. Rb7 Rxb7 43. axb7 Ke7 44. Kg1 Kf6 45. Nxe4+ Ke5 46. Bf3 Be6 47.
Nc3 Kd4 48. Na4 Bd5 49. Bg2 Bxg2 50. Kxg2 Kc4 51. Kh3 Kb5 52. Nb6 Kxc5 53. Nd7+
Kd4 54. Kxh4 c5 55. Nxc5 1/2-1/2

[Event "Bad Woerishofen op"]
[Site "?"]
[Date "2003.??.??"]
[Round "8"]
[White "Stojadinovic, Tomislav"]
[Black "Ries, Berthold"]
[Result "0-1"]
[WhiteElo "1780"]
[BlackElo "2087"]
[Annotator "ChessOrg"]
[PlyCount "74"]

1. e4 c5 2. Nf3 d6 3. Bb5+ Bd7 4. Bxd7+ Qxd7 5. O-O Nc6 6. c3 Nf6 7. d4 e5 8.
Re1 Be7 9. d5 Nd8 10. a4 O-O 11. Nbd2 b6 12. c4 Nb7 13. Nb3 a6 14. Qd3 Rfb8 15.
Nbd2 Na5 16. Qc3 Qd8 17. Nf1 b5 18. axb5 axb5 19. Bd2 Nxc4 20. Rxa8 Rxa8 21. b3
Nxd2 22. N3xd2 Ra2 23. Ra1 Qa8 24. Rxa2 Qxa2 25. f3 Nd7 26. Ng3 Bg5 27. Ndf1 g6
28. Qd3 Qa5 29. Qd1 h5 30. Ne2 Nb6 31. g3 c4 32. h4 Bf6 33. bxc4 Nxc4 34. Qc2
Qe1 35. Qd3 Bd8 36. Kg2 Bb6 37. Nh2 Qf2+ 0-1

[Event "Bad Woerishofen op"]
[Site "?"]
[Date "2003.??.??"]
[Round "8"]
[White "Valent, Peter"]
[Black "Duckstein, Torsten"]
[Result "1-0"]
[WhiteElo "2086"]
[BlackElo "1843"]
[Annotator "ChessOrg"]
[PlyCount "43"]

1. e4 e5 2. Nf3 Nf6 3. d4 Nxe4 4. Bd3 d5 5. Nxe5 Bd6 6. O-O O-O 7. Qh5 f5 8. f4
c5 9. Bxe4 dxe4 10. Be3 Na6 11. Nc3 cxd4 12. Bxd4 Bc5 13. Bxc5 Nxc5 14. Rad1
Nd7 15. Kh1 Nf6 16. Qe2 Qe7 17. Nd5 Nxd5 18. Rxd5 Be6 19. Rd4 Rac8 20. c4 Rfd8
21. Rfd1 Qc5 22. Rxd8+ 1-0

[Event "Bad Woerishofen op"]
[Site "?"]
[Date "2003.??.??"]
[Round "8"]
[White "Bergmann, Thomas"]
[Black "Plank, Peter"]
[Result "1-0"]
[WhiteElo "1753"]
[BlackElo "2083"]
[Annotator "ChessOrg"]
[PlyCount "129"]

1. e4 d5 2. exd5 Nf6 3. d4 Bg4 4. Be2 Bxe2 5. Nxe2 Qxd5 6. O-O Nc6 7. c3 O-O-O
8. Nd2 e5 9. c4 Qa5 10. d5 Nb4 11. a3 Qa6 12. Rb1 Nd3 13. Qc2 Nc5 14. b4 Ncd7
15. Nc3 Kb8 16. c5 Nxc5 17. bxc5 Bxc5 18. Qb3 Rd7 19. Rd1 Bd4 20. Nde4 Nxe4 21.
Nxe4 f5 22. Nc3 c6 23. dxc6 Qxc6 24. Ne2 Bb6 25. Rxd7 Qxd7 26. Be3 Bxe3 27.
fxe3 Rd8 28. Nc3 b6 29. Rd1 Qc7 30. Rxd8+ Qxd8 31. Nd5 Qd6 32. Nb4 g6 33. Qd5
Qxd5 34. Nxd5 Kb7 35. Kf2 Kc6 36. Nc3 Kc5 37. Ke2 Kc4 38. Kd2 b5 39. Kc2 a5 40.
Nb1 e4 41. Nd2+ Kd5 42. Nb3 a4 43. Nd2 g5 44. g3 h6 45. Kc3 h5 46. h3 Kc5 47.
g4 hxg4 48. hxg4 fxg4 49. Nxe4+ Kd5 50. Nf6+ Ke5 51. Nxg4+ Ke4 52. Kd2 Kf3 53.
Ne5+ Ke4 54. Nd3 Kd5 55. Nf2 Kc4 56. Kc2 b4 57. axb4 Kxb4 58. Nd3+ Kc4 59. Nb2+
Kd5 60. Nxa4 g4 61. Nc3+ Ke5 62. Kd3 g3 63. Ne2 g2 64. e4 Ke6 65. Nf4+ 1-0

[Event "Bad Woerishofen op"]
[Site "?"]
[Date "2003.??.??"]
[Round "8"]
[White "Gajewski, Richard"]
[Black "Wallhof, Dieter"]
[Result "1-0"]
[WhiteElo "1780"]
[BlackElo "2079"]
[Annotator "ChessOrg"]
[PlyCount "89"]

1. b3 d6 2. Bb2 Nd7 3. g3 Ngf6 4. Bg2 g6 5. c4 Bg7 6. Nc3 O-O 7. h4 h6 8. Nh3
c5 9. Qc2 Re8 10. Ne4 Nxe4 11. Bxg7 Kxg7 12. Bxe4 f5 13. Bg2 e6 14. h5 g5 15.
O-O-O Qf6 16. Kb1 Rb8 17. e4 b5 18. cxb5 fxe4 19. Bxe4 d5 20. Bg6 Re7 21. f4 g4
22. Nf2 Rxb5 23. Nxg4 Qd4 24. Qc3 Qxc3 25. dxc3 c4 26. b4 a5 27. a3 axb4 28.
axb4 Nc5 29. Rhe1 Ra7 30. Bc2 Rb8 31. Kb2 d4 32. Rxd4 e5 33. Nxe5 Ne6 34. Rxc4
Rba8 35. Bb3 Nd8 36. Rd1 Be6 37. Rcd4 Bxb3 38. Kxb3 Ra3+ 39. Kc4 Rc8+ 40. Kd3
Rcxc3+ 41. Ke4 Nb7 42. Rd7+ Kf8 43. Rxb7 Re3+ 44. Kf5 Ra8 45. g4 1-0

[Event "Bad Woerishofen op"]
[Site "?"]
[Date "2003.??.??"]
[Round "8"]
[White "Schoebel, Klaus"]
[Black "Willin, Bernhard"]
[Result "0-1"]
[WhiteElo "1598"]
[BlackElo "2005"]
[Annotator "ChessOrg"]
[PlyCount "74"]

1. e4 c5 2. Nf3 d6 3. d4 cxd4 4. Nxd4 Nf6 5. Nc3 a6 6. a4 e5 7. Nb3 Be6 8. Nd2
Nbd7 9. Be2 Be7 10. O-O O-O 11. Nc4 Qc7 12. Ne3 Rac8 13. Bd3 Rfe8 14. Ned5 Bxd5
15. Nxd5 Nxd5 16. exd5 g6 17. c4 a5 18. b3 Bf6 19. Ra2 Bg7 20. Re2 f5 21. Rfe1
Nc5 22. Bc2 Qf7 23. f4 e4 24. Be3 b6 25. Kh1 Bc3 26. Rg1 Rc7 27. g4 fxg4 28.
Rxg4 Rce7 29. Reg2 Kh8 30. Bd4+ Bxd4 31. Qxd4+ Qg7 32. Qg1 Rf8 33. Rxg6 hxg6
34. Rxg6 Qc3 35. Bd1 Rg7 36. Rh6+ Kg8 37. Qf1 Rxf4 0-1

[Event "Bad Woerishofen op"]
[Site "?"]
[Date "2003.??.??"]
[Round "8"]
[White "Zillich, Raimar"]
[Black "Frank, Albert"]
[Result "0-1"]
[WhiteElo "1637"]
[BlackElo "2070"]
[Annotator "ChessOrg"]
[PlyCount "80"]

1. e4 c5 2. Nf3 a6 3. c4 Qa5 4. Nc3 Nc6 5. d4 cxd4 6. Nxd4 e6 7. a3 Nf6 8. Nb3
Qc7 9. Be2 Be7 10. O-O O-O 11. Be3 b6 12. Rc1 d6 13. f3 Rb8 14. Nd4 Ne5 15. Qd2
Rd8 16. Rfd1 Qb7 17. Qe1 Bd7 18. Bf4 Rbc8 19. Be3 Nxc4 20. Bxc4 Rxc4 21. Qf2
Rdc8 22. Nde2 Rb8 23. Kh1 b5 24. Bf4 b4 25. axb4 Qxb4 26. e5 dxe5 27. Bxe5 Rb7
28. Qg3 Nh5 29. Qe1 f6 30. Bd4 e5 31. Bf2 Bc6 32. Rd2 g6 33. Rcd1 Nf4 34. Nxf4
Rxf4 35. Qe3 g5 36. Qd3 g4 37. Nd5 Bxd5 38. Qxd5+ Kg7 39. Qe6 Qb3 40. fxg4 Qxe6
0-1

[Event "Bad Woerishofen op"]
[Site "?"]
[Date "2003.??.??"]
[Round "8"]
[White "Sakowski, Christian"]
[Black "Martino-Gross, Peter"]
[Result "1/2-1/2"]
[WhiteElo "1722"]
[BlackElo "2053"]
[Annotator "ChessOrg"]
[PlyCount "81"]

1. d4 Nf6 2. c4 g6 3. Nc3 d5 4. Bg5 Ne4 5. Nxe4 dxe4 6. e3 c6 7. Bh4 Qa5+ 8.
Qd2 Qxd2+ 9. Kxd2 Bg7 10. Ne2 f5 11. Nc3 Be6 12. Be2 Bf7 13. Bg3 Nd7 14. Rhd1
O-O 15. Rac1 Rac8 16. Ke1 e6 17. b4 g5 18. c5 e5 19. dxe5 Nxe5 20. a3 Rfd8 21.
Nb1 Bb3 22. Rxd8+ Rxd8 23. Bxe5 Bxe5 24. Bc4+ Bxc4 25. Rxc4 Rd3 26. Rc1 Kf7 27.
Ke2 Bb2 28. Rd1 Rxd1 29. Kxd1 Ke6 30. Kc2 Be5 31. h3 f4 32. Nd2 Kd5 33. Kb3 h5
34. Nc4 Bc7 35. Nd2 g4 36. hxg4 hxg4 37. Nc4 g3 38. fxg3 fxg3 39. Nd2 Be5 40.
Nf1 Bc7 41. Kc3 1/2-1/2

[Event "Bad Woerishofen op"]
[Site "?"]
[Date "2003.??.??"]
[Round "8"]
[White "Edel, Thomas"]
[Black "Schmitt, Karl"]
[Result "1/2-1/2"]
[WhiteElo "2052"]
[BlackElo "1829"]
[Annotator "ChessOrg"]
[PlyCount "60"]

1. d4 Nf6 2. Nf3 g6 3. c4 Bg7 4. Nc3 O-O 5. e4 d6 6. Be2 Nbd7 7. O-O e5 8. Be3
h6 9. dxe5 dxe5 10. h3 c6 11. Qd2 Qe7 12. Bxh6 Nc5 13. Bxg7 Kxg7 14. Qg5 Re8
15. Nd2 Qc7 16. f4 Nh7 17. Qg3 exf4 18. Qxf4 Qe7 19. Rf2 Ne6 20. Qe5+ f6 21.
Qg3 Qc5 22. Raf1 Nd4 23. Bd3 Re5 24. Kh1 Qe7 25. Nd1 Bd7 26. Ne3 Rf8 27. Nb3
Rg5 28. Qc7 Nxb3 29. axb3 Rf7 30. Qf4 Qc5 1/2-1/2

[Event "Bad Woerishofen op"]
[Site "?"]
[Date "2003.??.??"]
[Round "8"]
[White "Porubszki, Georg"]
[Black "Schiessl, Siegfried"]
[Result "0-1"]
[WhiteElo "2044"]
[BlackElo "1789"]
[Annotator "ChessOrg"]
[PlyCount "106"]

1. Nf3 g6 2. d4 Bg7 3. e3 Nf6 4. b4 c6 5. Bb2 a5 6. b5 d6 7. c4 Nbd7 8. a4 cxb5
9. cxb5 b6 10. Nbd2 Bb7 11. Bd3 O-O 12. O-O Nd5 13. Rc1 Rc8 14. Rxc8 Qxc8 15.
Qe2 Nc3 16. Bxc3 Qxc3 17. Nc4 Bxf3 18. gxf3 d5 19. Nb2 Rc8 20. Rb1 e5 21. dxe5
Nxe5 22. Kg2 Nxd3 23. Nxd3 Qc2 24. Qxc2 Rxc2 25. Rc1 Rxc1 26. Nxc1 Kf8 27. Nd3
Ke7 28. e4 Kd6 29. Kf1 f5 30. exf5 gxf5 31. h4 d4 32. Ke2 Kd5 33. f4 h5 34. Ne1
Kc4 35. Nf3 Kb4 36. Ne5 Kxa4 37. Kd3 Kxb5 38. Kxd4 a4 39. Ke3 Kc5 40. Kd3 Kd5
41. Nc4 b5 42. Ne3+ Ke6 43. Nc2 Bf6 44. f3 Kd6 45. Ne3 Ke6 46. Nc2 Bb2 47. Nb4
Bc1 48. Nc6 a3 49. Nd4+ Kf6 50. Nb3 Bxf4 51. Kc2 Bg3 52. Nd2 Bxh4 53. Kb3 Be1
0-1

[Event "Bad Woerishofen op"]
[Site "?"]
[Date "2003.??.??"]
[Round "8"]
[White "Klaus, Daniel"]
[Black "Wirfs, Joachim"]
[Result "1-0"]
[WhiteElo "2033"]
[BlackElo "1727"]
[Annotator "ChessOrg"]
[PlyCount "49"]

1. e4 c5 2. Nf3 d6 3. d4 cxd4 4. Nxd4 Nf6 5. Nc3 g6 6. Be2 Bg7 7. Be3 O-O 8. f3
Nc6 9. Qd2 Bd7 10. O-O-O Rc8 11. Kb1 Ne5 12. g4 Nc4 13. Bxc4 Rxc4 14. Nce2 b5
15. Bh6 Qb6 16. h4 Rfc8 17. Bxg7 Kxg7 18. h5 e5 19. hxg6 fxg6 20. Qh6+ Kf7 21.
g5 exd4 22. gxf6 Kxf6 23. Nf4 Be6 24. Qh4+ g5 25. Qh6+ 1-0

[Event "Bad Woerishofen op"]
[Site "?"]
[Date "2003.??.??"]
[Round "8"]
[White "Kuempers, Ulrich"]
[Black "Lamberger, Werner"]
[Result "1-0"]
[WhiteElo "2147"]
[BlackElo "2048"]
[Annotator "ChessOrg"]
[PlyCount "61"]

1. d4 f5 2. g3 Nf6 3. Bg2 e6 4. Nf3 d6 5. O-O Be7 6. c4 O-O 7. Nc3 Qe8 8. Re1
Qg6 9. b4 Nc6 10. b5 Nd8 11. a4 Nf7 12. Nh4 Qh5 13. Bf3 Ng4 14. h3 g5 15. Nxf5
exf5 16. hxg4 Qh3 17. Nd5 Bd8 18. gxf5 Nh6 19. e4 Bxf5 20. Bg2 Qg4 21. exf5
Qxf5 22. Qe2 Kh8 23. Ne3 Qg6 24. Bxb7 Rb8 25. Bc6 Bf6 26. Bb2 g4 27. Bd7 Qg7
28. Nxg4 Nxg4 29. Qxg4 Qh6 30. Re6 Qd2 31. Qe2 1-0

[Event "Bad Woerishofen op"]
[Site "?"]
[Date "2003.??.??"]
[Round "8"]
[White "Flueckiger, Joerg"]
[Black "Beckert, Armin"]
[Result "1-0"]
[WhiteElo "2000"]
[BlackElo "1602"]
[Annotator "ChessOrg"]
[PlyCount "53"]

1. d4 e6 2. g3 Nf6 3. c4 d5 4. Bg2 dxc4 5. Nf3 Bb4+ 6. Bd2 Bxd2+ 7. Nbxd2 O-O
8. Nxc4 Nc6 9. O-O b6 10. Nfe5 Nxe5 11. Nxe5 Nd5 12. Qa4 Bb7 13. Rac1 Qe8 14.
Qxe8 Rfxe8 15. e4 f6 16. Nd3 Ba6 17. exd5 Bxd3 18. Rfd1 Bf5 19. Rxc7 a5 20.
dxe6 Rad8 21. e7 Rc8 22. Bd5+ Kh8 23. Rxc8 Rxc8 24. Re1 Bg6 25. Bb7 Rb8 26. d5
Rxb7 27. e8=Q+ 1-0

[Event "Bad Woerishofen op"]
[Site "?"]
[Date "2003.??.??"]
[Round "8"]
[White "Schrinner, Stefan"]
[Black "Kluger, Norbert"]
[Result "1-0"]
[WhiteElo "1688"]
[BlackElo "2198"]
[Annotator "ChessOrg"]
[PlyCount "39"]

1. e4 c6 2. d4 d5 3. e5 Bf5 4. Bd3 Bxd3 5. Qxd3 Qb6 6. Ne2 Qa6 7. Qc3 e6 8. b3
Nd7 9. Bb2 c5 10. Qe3 Rc8 11. O-O Ne7 12. c3 Nc6 13. f4 cxd4 14. cxd4 g6 15.
Nbc3 h5 16. a3 Qb6 17. b4 Ne7 18. Rac1 Nf5 19. Qd3 Qd8 20. Na4 1-0

[Event "Bad Woerishofen op"]
[Site "?"]
[Date "2003.??.??"]
[Round "8"]
[White "Klein, Reinhard"]
[Black "Gerhards, Walter"]
[Result "0-1"]
[WhiteElo "1643"]
[BlackElo "2140"]
[Annotator "ChessOrg"]
[PlyCount "62"]

1. d4 Nf6 2. c4 e5 3. dxe5 Ng4 4. a3 Bc5 5. Nh3 a5 6. Bg5 Bxf2+ 7. Nxf2 Qxg5 8.
Nxg4 Qxg4 9. Nd2 Nc6 10. Nf3 O-O 11. e3 Re8 12. Be2 Qe4 13. Qb3 Nxe5 14. Kd2 d5
15. Nxe5 Rxe5 16. Rae1 a4 17. Qc3 Bf5 18. Rhf1 dxc4 19. Rxf5 Rxf5 20. Bxc4
Qxg2+ 21. Kc1 Rd8 22. h4 Rf2 23. Bd3 Rd6 24. Kb1 Rxb2+ 25. Qxb2 Rb6 26. Qxb6
cxb6 27. Rc1 g6 28. Rc4 Qg1+ 29. Kc2 b5 30. Re4 Qa1 31. Bxb5 Qa2+ 0-1

[Event "Bad Woerishofen op"]
[Site "?"]
[Date "2003.??.??"]
[Round "8"]
[White "Damm, Fabian"]
[Black "Wegemund, Hubert"]
[Result "1-0"]
[WhiteElo "2130"]
[BlackElo "1790"]
[Annotator "ChessOrg"]
[PlyCount "33"]

1. e4 d6 2. d4 Nf6 3. Nc3 g6 4. Nf3 Bg7 5. Bc4 c6 6. Bb3 O-O 7. O-O Bg4 8. h3
Bxf3 9. Qxf3 e5 10. Rd1 Qc7 11. dxe5 dxe5 12. Bg5 Nbd7 13. Rd2 h6 14. Be3 Rfe8
15. Rad1 Nf8 16. Rd6 N6h7 17. Rd7 1-0

[Event "Bad Woerishofen op"]
[Site "?"]
[Date "2003.??.??"]
[Round "8"]
[White "Pitl, Jarno"]
[Black "Klett, Thomas"]
[Result "1-0"]
[WhiteElo "2073"]
[BlackElo "1766"]
[Annotator "ChessOrg"]
[PlyCount "85"]

1. e4 Nf6 2. e5 Nd5 3. Nf3 d6 4. Bc4 c6 5. d4 Bg4 6. O-O e6 7. h3 Bh5 8. Re1
Nd7 9. Bb3 dxe5 10. c4 Nc7 11. g4 e4 12. Ng5 Bg6 13. Nxe4 h5 14. Bg5 f6 15. Bh4
hxg4 16. Qxg4 Bh5 17. Qg2 Nb6 18. Nbc3 Qd7 19. Bxf6 Qf7 20. Be5 O-O-O 21. Ng5
Qf5 22. Bxc7 Kxc7 23. Nxe6+ Kc8 24. Re5 Qf3 25. Nxd8 Kxd8 26. Bd1 Qxg2+ 27.
Kxg2 Bxd1 28. Rxd1 Nxc4 29. Re2 Rh6 30. Rd3 Bd6 31. Ne4 Rg6+ 32. Kf1 Bf4 33. d5
Ne5 34. Rd1 Nf3 35. dxc6+ Kc7 36. Ng3 Rxc6 37. Re7+ Kb6 38. Rf7 g5 39. Ne2 Ne5
40. Re7 Ng6 41. Re4 Be5 42. Rb4+ Kc7 43. Nd4 1-0

[Event "Bad Woerishofen op"]
[Site "?"]
[Date "2003.??.??"]
[Round "8"]
[White "Muench, Werner"]
[Black "Koehne, Arno"]
[Result "1/2-1/2"]
[WhiteElo "1608"]
[BlackElo "2030"]
[Annotator "ChessOrg"]
[PlyCount "158"]

1. d4 b6 2. c4 e6 3. Nf3 Bb7 4. e3 Nf6 5. Nc3 Be7 6. Bd3 O-O 7. O-O d5 8. cxd5
Nxd5 9. Nxd5 Bxd5 10. e4 Bb7 11. b3 Na6 12. Qe2 Nb4 13. Bb1 Ba6 14. Qe3 Bxf1
15. Kxf1 f6 16. a3 Na6 17. Bb2 c5 18. d5 e5 19. Bd3 Nc7 20. a4 Ne8 21. Nd2 Bd6
22. Qe2 Qe7 23. Nc4 Nc7 24. Ne3 g6 25. Kg1 Qg7 26. Nc4 Qd7 27. Ba3 Rab8 28.
Nxd6 Qxd6 29. Rb1 a5 30. Bc1 Rfd8 31. Be3 Ne6 32. Bc4 Nd4 33. Bxd4 cxd4 34. Qd3
Kg7 35. f3 Qb4 36. Kf2 Rd6 37. Ke2 Rbd8 38. Qd2 Qxd2+ 39. Kxd2 Kf7 40. Kd3 g5
41. g3 Ke7 42. Rh1 Rg8 43. h3 Rg7 44. Kd2 Rd8 45. Rh2 Kd6 46. Kd3 Rh8 47. Kd2
h5 48. Ke2 Rhg8 49. Kd3 g4 50. fxg4 hxg4 51. h4 Rh7 52. Rf2 Rh5 53. Rf5 Rxf5
54. exf5 Rg7 55. Ke4 Rc7 56. Kd3 Kc5 57. Ke4 Re7 58. Bb5 Kd6 59. Bc4 Re8 60.
Bb5 Rc8 61. Bc4 Rc5 62. Kd3 Rc8 63. Ke4 Rh8 64. Bd3 Kc5 65. Bb5 Kd6 66. Bc4 Rc8
67. Kd3 Rc7 68. Ke4 Re7 69. Bd3 Kc5 70. Bb5 Rc7 71. Bc4 Rc8 72. Kd3 Re8 73. Ke4
Re7 74. Bb5 Rc7 75. Bc4 Kd6 76. Kd3 Re7 77. Ke4 Kc5 78. Bb5 Rc7 79. Bc4 Re7
1/2-1/2

[Event "Bad Woerishofen op"]
[Site "?"]
[Date "2003.??.??"]
[Round "8"]
[White "Reichwald, Klaus-Dieter"]
[Black "Regatschnig, Horst"]
[Result "1-0"]
[WhiteElo "2027"]
[BlackElo "1740"]
[Annotator "ChessOrg"]
[PlyCount "83"]

1. e4 g6 2. d4 Bg7 3. c4 d6 4. Nf3 Nf6 5. Nc3 c6 6. Be2 O-O 7. O-O Nbd7 8. h3
e5 9. Be3 Re8 10. Qc2 Qc7 11. Rad1 a6 12. Rd2 Bf8 13. Rfd1 b6 14. b3 Bb7 15.
Ne1 exd4 16. Bxd4 Bh6 17. Be3 Bf8 18. f3 Rad8 19. Nd3 Ne5 20. Bf4 Nfd7 21. Bg5
f6 22. Bf4 g5 23. Bg3 h6 24. f4 Nxd3 25. Bxd3 d5 26. e5 gxf4 27. Bh7+ Kh8 28.
Qg6 Bg7 29. Bxf4 Nxe5 30. Bxe5 Qxe5 31. Re2 Qxe2 32. Nxe2 Rxe2 33. Qf7 Bc8 34.
Bd3 Rxa2 35. Re1 Bd7 36. Re7 Rg8 37. Rxd7 f5 38. Kf1 Ra1+ 39. Ke2 Ra2+ 40. Kf3
Ra3 41. cxd5 Rxb3 42. dxc6 1-0

[Event "Bad Woerishofen op"]
[Site "?"]
[Date "2003.??.??"]
[Round "8"]
[White "Holuba, Stefan"]
[Black "Taufratshofer, Martin"]
[Result "0-1"]
[WhiteElo "1737"]
[BlackElo "2074"]
[Annotator "ChessOrg"]
[PlyCount "64"]

1. e4 d5 2. exd5 Qxd5 3. Nc3 Qa5 4. d4 c6 5. Bc4 Bf5 6. Nf3 Nf6 7. Bd2 e6 8.
O-O Qb6 9. Re1 Bd6 10. h3 O-O 11. Na4 Qc7 12. Nc5 Nd5 13. Nd3 Nd7 14. Nh4 Bg6
15. Nxg6 hxg6 16. Qf3 a5 17. a4 N7f6 18. Ne5 c5 19. c3 cxd4 20. Bxd5 Bxe5 21.
Bxb7 Rab8 22. Ba6 Rxb2 23. Bc1 Rb6 24. Qe2 dxc3 25. Bb5 Bd6 26. Be3 Rbb8 27.
Rac1 Bb4 28. Bd4 Rbd8 29. Be5 Qc5 30. Qf3 c2 31. Re3 Bd2 32. Rc3 Qxe5 0-1

[Event "Bad Woerishofen op"]
[Site "?"]
[Date "2003.??.??"]
[Round "8"]
[White "Mittelsteiner, Horst"]
[Black "Sanna, Giuseppe"]
[Result "1/2-1/2"]
[WhiteElo "1997"]
[BlackElo "1647"]
[Annotator "ChessOrg"]
[PlyCount "31"]

1. e4 d6 2. d4 Nf6 3. Nc3 c6 4. f4 Qa5 5. Bd3 e5 6. dxe5 dxe5 7. f5 b5 8. Bd2
Bc5 9. Nd5 Qd8 10. Nxf6+ Qxf6 11. Nf3 Nd7 12. a3 Bb7 13. b4 Bb6 14. c4 Qd6 15.
Be2 c5 16. cxb5 1/2-1/2

[Event "Bad Woerishofen op"]
[Site "?"]
[Date "2003.??.??"]
[Round "8"]
[White "Huhn, Ulrich"]
[Black "Mahrla, Hans"]
[Result "1/2-1/2"]
[WhiteElo "1980"]
[BlackElo "1479"]
[Annotator "ChessOrg"]
[PlyCount "82"]

1. d4 Nf6 2. Nc3 d5 3. Bg5 e6 4. e4 dxe4 5. Nxe4 Be7 6. Nxf6+ Bxf6 7. Bxf6 Qxf6
8. Bd3 O-O 9. Nf3 Nd7 10. Qe2 Qe7 11. O-O Nf6 12. Ne5 Nd7 13. f4 f5 14. Kh1 Nf6
15. Rad1 c6 16. Rf3 Ng4 17. c3 Nxe5 18. Qxe5 Qf6 19. Re1 Qxe5 20. Rxe5 b5 21.
Rfe3 g6 22. Bc2 Re8 23. Bb3 Kf7 24. h3 h5 25. d5 cxd5 26. Bxd5 Rb8 27. Bc6 Re7
28. Rd3 Rb6 29. Bf3 Rd7 30. Rxd7+ Bxd7 31. Re1 Rd6 32. Rd1 Ke7 33. Kg1 Rxd1+
34. Bxd1 Kf6 35. Kf2 h4 36. Bf3 e5 37. fxe5+ Kxe5 38. Ke3 g5 39. Bb7 g4 40.
hxg4 fxg4 41. Be4 Be6 1/2-1/2

[Event "Bad Woerishofen op"]
[Site "?"]
[Date "2003.??.??"]
[Round "8"]
[White "Bienhuels, Franz-Josef"]
[Black "Natterer, Winfried"]
[Result "1-0"]
[WhiteElo "1927"]
[BlackElo "1493"]
[Annotator "ChessOrg"]
[PlyCount "93"]

1. Nf3 d5 2. g3 Nf6 3. Bg2 e6 4. c4 Be7 5. d4 O-O 6. O-O dxc4 7. Qc2 b5 8. a4
b4 9. Qxc4 a5 10. b3 Ra7 11. Rd1 Ba6 12. Qc2 Qc8 13. Bb2 Nbd7 14. e4 Rd8 15.
Nbd2 c5 16. Rac1 Rc7 17. Bf1 Nb6 18. Bb5 Bxb5 19. axb5 Qb7 20. Ne5 Bf8 21. Qd3
Nfd7 22. Nc6 Rdc8 23. Nxa5 Qa8 24. Ra1 Ra7 25. Nc6 Rxa1 26. Rxa1 c4 27. bxc4
Na4 28. Qc2 Ndb6 29. c5 Rxc6 30. bxc6 Qxc6 31. Bc1 Nxc5 32. dxc5 Bxc5 33. Qd3
Bf8 34. Bb2 Na4 35. Nc4 h6 36. Bd4 Bc5 37. Be3 Nc3 38. Bxc5 Qxc5 39. Ra8+ Kh7
40. Ra5 Qc6 41. e5+ g6 42. Ra7 Kg7 43. Ra1 Qb7 44. Re1 Nd5 45. Nd6 Qc6 46. Qf3
Qc7 47. Ne8+ 1-0